JID - God Does Like Ugly Tracklist - Statistics

General Stats
  • This quiz has been taken 21 times
  • The average score is 13 of 16
Answer Stats
Song Answer % Correct
5 Gz
89%
8 What We On
89%
1 YouUgly
89%
2 Glory
83%
9 Wholeheartedly
83%
3 WRK
83%
4 Community
78%
13 Of Blue
78%
12 On McAfee
78%
7 Sk8
78%
6 VCR's
78%
11 And We Vibing
72%
15 For Keeps
72%
14 K-Word
72%
10 No Boo
67%
16 Sun
61%
No matching quizzes found
Score Distribution
Percent of People with Each Score
Percentile by Number Answered
Your Score History
You have not taken this quiz